000 00677nam a2200241Ia 4500
003 OSt
005 20220924125236.0
006 a|||||r|||| 00| 0
007 ta
008 220923b |||||||| |||| 00| 0 mar d
024 _a340671
037 _cTextual
040 _aARTS
_cARTS
_bmar
041 _2mar
_amar
082 _aO155,2NBHI,2, K0
100 _aBhide Bhalechander Govind Au.
_9197902
245 0 _aKalyan Khjina
260 _aPune
_bVenus Prakashan India
_c1960
300 _a50p.
_ccm.
650 _aMARATHI LITERATURE
_938000
942 _hO155,2NBHI,2, K0
_cTEXL
_2CC
999 _c422235
_d422235